000 00572nam a22002297a 4500
003 UA-OsUOA
001 19722
007 ta
008 20030225b un ||||| |||| 00| 0 ukr d
090 _bК54
942 _cBK
040 _aUA-OsUOA
_bukr
_cUA-OsUOA
_dUA-OsUOA
245 _aРівненська область. Острозький район
300 _a512 с.
955 _a0
041 _aukr
020 _a966-8424-09-3
591 _a63.3(4Укр-4Рів)
260 _aРівне
_bФормат-А
_c2004
044 _aUA
650 7 _aІсторія
_2UDC
999 _c305893
_d305893